XVIII-XIX. századi ponyvaköltészet egy vásárhelyi költő művein keresztül

Elmentve itt :
Bibliográfiai részletek
Szerző: Molnár Tünde
További közreműködők: Imre Mihály (Témavezető)
Dokumentumtípus: Szakdolgozat
Megjelent: 1986
Tárgyszavak:
Online Access:http://diploma.bibl.u-szeged.hu/97345
LEADER 00640nta a2200181 i 4500
001 dipl97345
005 20210113121906.0
008 210108s1986 hu om 0|| hun d
040 |a SZTE Diploma Repozitórium  |b hun 
041 |a hun 
100 1 |a Molnár Tünde 
245 1 0 |a XVIII-XIX. századi ponyvaköltészet egy vásárhelyi költő művein keresztül  |h [elektronikus dokumentum] /  |c Tünde Molnár 
260 |c 1986 
650 4 |a Pedagógusképzés 
650 4 |a Humanities 
650 4 |a Languages and Literature 
700 1 |a Imre Mihály  |e ths 
856 4 0 |u http://diploma.bibl.u-szeged.hu/id/eprint/97345/1/1986_molnar_tunde.pdf  |z Dokumentum-elérés